000 00964nam a2200229Ii 4500
003 JO-AjNU
008 230605s9999||||xx |||||||||||||| ||und||
017 _a2021/8/4853
020 _a978-9957-22-845-3
040 _aJO-AjNU
_bara
_erda
_cJO-AjNU
041 _aara
050 1 4 _aPJ7538.2022
100 3 _aتأليف محمد، فيصل مالك أبكر,
_eauthor
_962995
245 0 0 _aمقاربات نقدية وقراءات في الشعر والرواية والقصة القصيرة
250 _aالطبعة الاولى
264 3 1 _aعمان: دار اسامة للنشر والتوزيع،نبلاء ناشرون وموزعون، 2022
300 _a192ص
_bيحتوي على مراجع من ص191-192ص
336 _atext
_btxt
_2rdacontent
337 _aunmediated
_bn
_2rdamedia
338 _avolume
_bnc
_2rdacarrier
650 4 _aالنقد الادبي-التحليل الادبي-الاعمال الادبية-الادب العربي
_962996
999 _aA28552
_c32120
_d32120